J. W. Goethe (Γκαίτε) : Χέρμαν και Δωροθέα (Hermann und Dorothea)

Saved in:
Bibliographic Details
Main Author: Λαζανάς, Βασ. Ι. (Βασίλειος Ι.), 1916-2001
Format: Book
Language:Greek
Published: Αθήνα : 1994.
Subjects:
Tags: Add Tag
No Tags, Be the first to tag this record!

MARC

LEADER 00000cam a2200000 i 4500
001 1/102275
008 950502s1994 gr | ||| |||| ||gre||
035 |l 10012438 
040 |a GR-MY-UA  |b gre  |e aacr 
041 0 |a gre 
082 7 |a 832   |2 (22) 
100 1 |a Λαζανάς, Βασ. Ι.   |q (Βασίλειος Ι.),   |d 1916-2001. 
245 1 0 |a J. W. Goethe (Γκαίτε) :   |b Χέρμαν και Δωροθέα (Hermann und Dorothea) /   |c Βασ. Ι. Λαζανά.  
260 |a Αθήνα :   |c 1994.  
300 |a 201 σ. ;   |c 24 εκ.  
500 |a Εκτενή προλεγόμενα για τη ζωή, το έργο και την προσωπικότητα του ποιητή, έμμετρη μετάφραση του έπους, ευρύτατα σχόλια 
600 1 0 |a Goethe, Johann Wolfgang von,   |d 1749-1832. 
852 |a INST  |b LESVOS  |e 19950502  |h 832 ΛΑΖ  |p 005100001393  |q 005100001393  |t BK  |y 0 
852 |a INST  |b LESVOS  |e 19950502  |h 832 ΛΑΖ  |p 005100001394  |q 005100001394  |t BK  |y 0 
909 |a Λ  |b 039973 
909 |a Λ  |b 039974 
970 |a ΚΑΜΑΤΣΟΥ  |b ΔΕΣΠΟΙΝΑ  |z 2000/01/19